000 00347nam a22001337a 4500
020 _a978-0-07-351688-2
082 _a004
100 _aWilliams,Brian K.
245 _aUsing Information Technology:
_bA Practical Introduction to Computer
250 _a11th
260 _aNew York:
_bMcGraw-Hill,
_c2015
300 _a588p.: ill.; 27cm
942 _cBK
999 _c22209
_d22209